000 00555nam a2200181Ia 4500
008 090124s9999 xx 000 0 und d
082 _b118396
100 _aमेंगजी अशोक / काकडे द.स.
245 _a अतृप्ती
250 _a1
260 _c1980
300 _a271
600 _aमेंगजी अशोक / काकडे द.स.
630 _a अतृप्ती
700 _aमेंगजी अशोक / काकडे द.स.
730 _a अतृप्ती
942 _cBOOK
999 _c164482
_d164482